<?xml version="1.0" encoding="UTF-8"?>
<record
    xmlns:xsi="http://www.w3.org/2001/XMLSchema-instance"
    xsi:schemaLocation="http://www.loc.gov/MARC21/slim http://www.loc.gov/standards/marcxml/schema/MARC21slim.xsd"
    xmlns="http://www.loc.gov/MARC21/slim">

  <leader>00869nam a22002057a 4500</leader>
  <datafield tag="999" ind1=" " ind2=" ">
    <subfield code="c">64847</subfield>
    <subfield code="d">64847</subfield>
  </datafield>
  <controlfield tag="005">20181116114940.0</controlfield>
  <datafield tag="010" ind1=" " ind2=" ">
    <subfield code="a">B-229886</subfield>
  </datafield>
  <datafield tag="020" ind1=" " ind2=" ">
    <subfield code="a">8183571174</subfield>
    <subfield code="c">400.00</subfield>
  </datafield>
  <datafield tag="035" ind1=" " ind2=" ">
    <subfield code="a">B-229880,   B-229886  B-229882</subfield>
  </datafield>
  <datafield tag="082" ind1=" " ind2=" ">
    <subfield code="a">301</subfield>
  </datafield>
  <datafield tag="245" ind1=" " ind2=" ">
    <subfield code="a">Unique quintessence of sociology for U.P.S.C. and State Civil Services  (preliminary)  examinations and other competitive examinations /</subfield>
    <subfield code="c">edited by J.K. Chopra</subfield>
  </datafield>
  <datafield tag="250" ind1=" " ind2=" ">
    <subfield code="a">27th ed.</subfield>
  </datafield>
  <datafield tag="260" ind1=" " ind2=" ">
    <subfield code="a">New Delhi </subfield>
    <subfield code="b">Unique Publishers</subfield>
    <subfield code="c">2007</subfield>
  </datafield>
  <datafield tag="270" ind1=" " ind2=" ">
    <subfield code="a">M-51, Lajpat Nagar-II, </subfield>
    <subfield code="b">New Delhi</subfield>
    <subfield code="e">110024</subfield>
    <subfield code="k">29833520</subfield>
    <subfield code="l">46573070</subfield>
    <subfield code="m">uniquepublishers@hotmail.com</subfield>
  </datafield>
  <datafield tag="300" ind1=" " ind2=" ">
    <subfield code="a">xx,900p.</subfield>
    <subfield code="c">27cm. (pbk)</subfield>
  </datafield>
  <datafield tag="700" ind1=" " ind2=" ">
    <subfield code="a">Chopra, J.K.</subfield>
    <subfield code="9">790</subfield>
  </datafield>
  <datafield tag="942" ind1=" " ind2=" ">
    <subfield code="2">ddc</subfield>
    <subfield code="c">EN</subfield>
    <subfield code="m">UNI</subfield>
    <subfield code="h">301</subfield>
  </datafield>
  <datafield tag="952" ind1=" " ind2=" ">
    <subfield code="0">0</subfield>
    <subfield code="1">0</subfield>
    <subfield code="2">ddc</subfield>
    <subfield code="4">0</subfield>
    <subfield code="7">0</subfield>
    <subfield code="8">NFIC</subfield>
    <subfield code="a">ZLS</subfield>
    <subfield code="b">ZLS</subfield>
    <subfield code="c">GEN</subfield>
    <subfield code="d">2012-04-11</subfield>
    <subfield code="g">400.00</subfield>
    <subfield code="l">1</subfield>
    <subfield code="m">1</subfield>
    <subfield code="o">301 UNI</subfield>
    <subfield code="p">B-229880</subfield>
    <subfield code="r">2019-08-01 00:00:00</subfield>
    <subfield code="s">2019-07-12</subfield>
    <subfield code="v">400.00</subfield>
    <subfield code="w">2012-04-11</subfield>
    <subfield code="y">EN</subfield>
  </datafield>
  <datafield tag="952" ind1=" " ind2=" ">
    <subfield code="0">0</subfield>
    <subfield code="1">0</subfield>
    <subfield code="4">0</subfield>
    <subfield code="7">0</subfield>
    <subfield code="8">NFIC</subfield>
    <subfield code="a">RC</subfield>
    <subfield code="b">RC</subfield>
    <subfield code="d">2018-11-06</subfield>
    <subfield code="g">400.00</subfield>
    <subfield code="l">4</subfield>
    <subfield code="m">3</subfield>
    <subfield code="o">301 UNI</subfield>
    <subfield code="p">B-229886</subfield>
    <subfield code="r">2021-11-30 00:00:00</subfield>
    <subfield code="s">2021-11-08</subfield>
    <subfield code="t">1</subfield>
    <subfield code="v">400.00</subfield>
    <subfield code="w">2018-11-06</subfield>
    <subfield code="y">EN</subfield>
  </datafield>
  <datafield tag="952" ind1=" " ind2=" ">
    <subfield code="0">0</subfield>
    <subfield code="1">0</subfield>
    <subfield code="4">0</subfield>
    <subfield code="7">0</subfield>
    <subfield code="8">NFIC</subfield>
    <subfield code="a">RC</subfield>
    <subfield code="b">RC</subfield>
    <subfield code="d">2018-11-16</subfield>
    <subfield code="g">400.00</subfield>
    <subfield code="l">1</subfield>
    <subfield code="o">301 UNI</subfield>
    <subfield code="p">B-229882</subfield>
    <subfield code="r">2021-12-28 00:00:00</subfield>
    <subfield code="s">2021-12-14</subfield>
    <subfield code="v">400.00</subfield>
    <subfield code="w">2018-11-16</subfield>
    <subfield code="y">EN</subfield>
  </datafield>
</record>
